000 00914 a2200205 4500
003 Nust
005 20220815120049.0
010 _a 80040845
020 _a 0471278505
040 _cNust
082 0 0 _a621.381532,MOS
100 1 _aMoschytz, George S.
_997162
245 1 0 _aActive filter design handbook :
_bfor use with programmable pocket calculators and minicomputers /
_cG.S. Moschytz and P. Horn.
260 _aChichester
_aNew York :
_bJ. Wiley,
_cc1981.
300 _aviii, 316 p. :
_bill. ;
_c26 cm.
505 _aIntroduction (Page-1), Frequency Response and Transfer Function (Page-5), Sensitivity and Figure of Merit (Page-29), Design Equation and Flow Charts (Page-35),Tuning Active Filters (Page-86), Designing in Order Active Filters (Page-116), Practical Hints for Active filters Design (Page-171),
650 0 _aTelecommunication Engineering.
700 1 _aHorn, P.
_997163
942 _cREF
_2ddc
999 _c175743
_d175743